000 00538nam a2200205Ia 4500
003 GCL
008 140319s9999 xx 000 0 eng d
040 _aGCL /
_cGCL
082 0 4 _a628.925
_bC G
100 1 _aCOMMAND OF THE DEFNECE
245 1 0 _aGUIDE TO FIRE SHIP FIGHTING /
_cCOMMAND OF THE DEFNECE
700 1 _aCOMMAND OF THE DEFENCE COUNCIL
260 _a[S.N] :
_bMINISTRY OF DEFENCE ،
_c1992
300 _a102 P
650 0 4 _aFIRE FIGHTING
650 0 4 _aFIGHTING
650 0 4 _aFIVE
650 0 4 _aSHIPS
942 _2ddc
_cBK
999 _c16914
_d16914